Logo BPK

Biblioteka

Politechniki Koszalińskiej

Właściwości użytkowe i mikrostruktura wybranych powłok stopowych Ni-W-Co uzyskanych w procesie makładania tamponowego / (Rekord nr 34952)

Szczegóły MARC
000 -ETYKIETA REKORDU
podpole kontrolne o stałej długości 00936nam a2200229 i 4500
001 - NUMER KONTROLNY REKORDU
pole kontrolne bg
040 ## - ŹRÓDŁO KATALOGOWANIA
Instytucja, która utworzyła rekord BPK
041 0# - KOD JĘZYKA
Kod języka tekstu pl
080 ## - UNIWERSALNA KLASYFIKACJA DZIESIĘTNA - UKD
UKD 669.2/.8.017/.018:621.791/.795
008 - POLE O STAŁEJ DŁUGOŚCI - DANE KONTROLNE
podpole kontrolne o stałej długości s pl f |000 0 pol
100 1# - NAZWA OSOBOWA
Nazwa osobowa GRZEŚ, Jarosław
245 10 - TYTUŁ/ODPOWIEDZIALNOŚĆ
Tytuł Właściwości użytkowe i mikrostruktura wybranych powłok stopowych Ni-W-Co uzyskanych w procesie makładania tamponowego /
Pozostałe elementy strefy tytułu i oznaczenia odpowiedzialności Jarosław Grześ ; Instytut Technologii Materiałów Elektronicznych.
260 ## - STREFA ADRESU WYDAWNICZEGO
Miejsce wydania Warszawa :
Nazwa wydawcy/dystrybutora ITME,
Data publikacji, dystrybucji/powstania dokumentu 1992.
300 ## - STREFA OPISU FIZYCZNEGO
Objętość 47, [1] s., [5 k.tabl.] :
Inne cechy fizyczne rys., wykr. ;
Rozmiary 24 cm.
490 1# - STREFA SERII I DOKUMENTU WIELOCZĘŚCIOWEGO - FORMA NIE DO WYSZUKIWANIA
Tytuł i oznaczenie odpowiedzialności serii Prace ITME / Instytut Technologii Materiałów Elektronicznych,
ISSN 0209-0066 ;
Numeracja w obrębie serii z. 38
504 ## - UWAGA DOTYCZĄCA BIBLIOGRAFII
Informacje o bibliografii Bibliogr. s. 46-47.
650 #9 - HASŁO PRZEDMIOTOWE W FORMIE NAZWY OGÓLNEJ LUB JEDNOSTKOWEJ
Nazwa ogólna lub geograficzna Stopy
Określnik ogólny badanie
650 #9 - HASŁO PRZEDMIOTOWE W FORMIE NAZWY OGÓLNEJ LUB JEDNOSTKOWEJ
Nazwa ogólna lub geograficzna Powłoki ochronne
Określnik ogólny zagadnienia
650 #9 - HASŁO PRZEDMIOTOWE W FORMIE NAZWY OGÓLNEJ LUB JEDNOSTKOWEJ
Nazwa ogólna lub geograficzna Technologia
Określnik ogólny obróbka powierzchniowa
830 #0 - HASŁO DODATKOWE SERII LUB DOKUMENTU WIELOCZĘŚCIOWEGO - TYTUŁ UJEDNOLICONY
Tytuł ujednolicony Prace ITME (Instytut Technologii Materiałów Elektronicznych) ;
Oznaczenie tomu z. 38
856 ## - LOKALIZACJA I DOSTĘP DO ELEKTRONICZNYCH DOKUMENTÓW ZDALNYCH
Link (URL) http://koha.tu.koszalin.pl/cgi-bin/koha/opac-detail.pl?biblionumber=34952
Tekst linku Katalog online BPK
942 ## - DODATKOWE ELEMENTY (KOHA)
Typ dokumentu Książka
Egzemplarze
Wycofany Status egzemplarza Uszkodzony Dostępność Lokalizacja stała Lokalizacja bieżąca Miejsce przechowywania Sygnatura Kod kreskowy Typ dokumentu
      Tylko na miejscu Biblioteka Politechniki Koszalińskiej Biblioteka Politechniki Koszalińskiej Magazyn Czasopism 01156C3459 01156C3459 Książka
© 2023 Biblioteka Politechniki Koszalińskiej :: KOHA